00619nam a2200157 i 450000100060000000300090000600500170001500700030003200800410003510000320007624501240010826000600023230000210029250001140031385200340042763158ES-MaACL20230906164810.0t|031201s1948 sp ||||1| spa d1 aFerrán Salvador, Vicente.10aPintura valenciana del siglo XVII b: dos evangelistas de Jerónimo Jacinto de Espinosa / cVicente Ferrán Salvador. aCastellón : b[s.n., c1948] (fHijos de F. Armengot) a12 p. ; c21 cm. aEs tirada aparte del Boletín de la Sociedad Castellonense de Cultura, t. XXV, cuaderno 1, enero-marzo 1949. aES-MaACLj1492-F-10 bR.26295